Hodnotenie dopadu poskytnutej investičnej pomoci na vybranú lokalitu diplomová práca

Salvato in:
Dettagli Bibliografici
Autore principale: Kraľovanský, Jakub
Ente Autore: Obchodná fakulta EU. Katedra medzinárodného obchodu
Altri autori: Krajčíková, Andrea
Natura: Libro
Lingua:slovacco
Pubblicazione: Bratislava 2017
Tags: Aggiungi Tag
Nessun Tag, puoi essere il primo ad aggiungerne!!

MARC

LEADER 00000nbm a2200000 4500
001 0230744
005 20180830101238.2
041 0 |a slo 
044 |a SK 
245 1 0 |a Hodnotenie dopadu poskytnutej investičnej pomoci na vybranú lokalitu  |b diplomová práca  |c Jakub Kraľovanský ; školiteľ: Andrea Krajčíková 
264 1 |a Bratislava  |c 2017 
300 |a 66 s. 
100 1 |a Kraľovanský, Jakub 
700 1 |a Krajčíková, Andrea 
710 2 |a Obchodná fakulta EU. Katedra medzinárodného obchodu